Friends vs. HIMYM Quiz Stats

Quiz Updated Jul 3, 2016

Challenge
Share
Tweet
Embed
Score 0/30 Timer 05:00
8 Plays Today
Phrase F or H? % Correct
Miss Chanandler Bong???
96.1%
Smelly Cat???
95.7%
How you doin'???
95.3%
Suit up???
94.9%
Legendary???
94.8%
3 Divorces???
94%
We were on a break???
93.9%
In London!???
93.6%
Lawyered???
93.4%
The Playbook???
93.1%
Blue French Horn???
93%
The yellow umbrella???
92.6%
Oh! My! God!???
91.5%
Wait for it???
91.3%
Regina Phalange???
90.9%
Phrase F or H? % Correct
Doppelgängers???
89.6%
I got off the plane???
89.3%
The Pineapple Incident???
88.7%
Canada isn't even a country???
88.5%
Ugly Naked Guy???
88%
Unagi???
87%
I hate New Jersey???
86.8%
My sandwich!!!!!!???
86.4%
Pivot???
85.1%
The slanted floors???
83.8%
'Eating a sandwich' in college???
83.6%
Butterfly tattoo???
82.3%
Seven...Seven...Seven???
80.1%
You fell asleep???
78.2%
But...um???
77.4%

You're not logged in!

Compare scores with friends on all Sporcle quizzes.
Sign Up with Email
OR
Log In

You Might Also Like...

Show Comments

Extras

Top Quizzes Today


Score Distribution

Your Account Isn't Verified!

In order to create a playlist on Sporcle, you need to verify the email address you used during registration. Go to your Sporcle Settings to finish the process.